| 000 | 00547nam a2200145Ia 4500 | ||
|---|---|---|---|
| 008 | 170221s9999 xx 000 0 und d | ||
| 100 | _aHaitham Alhnity | ||
| 245 | _aImpact of Entrepreneurial Orientation on Small Business Performance: Moderating Role of Government intervention | ||
| 245 | _cHaitham Alhnity, Armanurah Mohamad, Awanis Ku Ishak | ||
| 260 | _bInternational Review of Management and Marketing | ||
| 260 | _c2012 | ||
| 300 | _a1 : 1 | ||
| 650 | _xMarketing. | ||
| 856 | _uhttp://www.econjournals.com/index.php/irmm/issue/view/91 | ||
| 999 |
_c313981 _d313981 |
||